[Event "1st Magistral Barbera del Valles 2020"]
[Site "Barbera del Valles"]
[Date "2020.11.20"]
[Round "1.1"]
[White "Studer, Noel"]
[Black "Cheparinov, Ivan"]
[Result "1/2-1/2"]
[WhiteElo "2582"]
[BlackElo "2688"]
[Annotator "TA"]
[PlyCount "61"]
[EventDate "2020.11.20"]
[EventType "tourn"]
[EventCountry "ESP"]
[SourceTitle "playchess.com"]
[Source "ChessBase"]
[SourceQuality "1"]

{[%evp 22,61,28,29,36,28,33,18,41,8,16,3,15,-35,33,25,25,-22,-14,-20,0,0,0,0,0,0,0,0,0,0,0,0,0,0,0,0,0,0,0,0,0,0]} 1. d4 Nf6 2. c4 g6 3. Nc3 d5 4. cxd5 Nxd5 5. e4 Nxc3 6. bxc3 Bg7 7. Bc4 c5 8. Ne2 O-O 9. Be3 Nc6 10. O-O Bg4 11. f3 Bd7 $1 {[%mdl 4] is recently more successful than 11...Na5.} 12. Rb1 Na5 {D87: Exchange Grünfeld: Classical Line: Variations without ...cxd4.} 13. Bd3 Rc8 14. Qd2 b5 {[#]} 15. Rfc1 $146 ({Predecessor:} 15. d5 a6 16. Bh6 Bxh6 17. Qxh6 e6 18. e5 c4 19. Bc2 Qc7 20. f4 f5 21. exf6 Rxf6 22. dxe6 Bxe6 {1-0 (39) Thorsteins,K (2480)-Dorfman,J (2580) Reykjavik 1993}) 15... a6 16. h4 e5 17. d5 f5 (17... c4 $1 $15 18. Bc2 f5) 18. c4 $14 fxe4 19. Bg5 Bf6 {The position is equal.} 20. fxe4 bxc4 21. Bxc4 Nxc4 22. Rxc4 Bb5 23. Rc2 Bxg5 24. hxg5 Bxe2 25. Qxe2 Qxg5 26. Rbc1 Rb8 27. Rxc5 Rb2 28. Qxb2 Qe3+ {[%mdl 64] [#] Double Attack} 29. Kh2 Qh6+ 30. Kg1 $1 Qe3+ {[%mdl 64] Double Attack} 31. Kh2 {Weighted Error Value: White=0.08/Black=0.10} 1/2-1/2

[Event "1st Magistral Barbera del Valles 2020"]
[Site "Barbera del Valles"]
[Date "2020.11.20"]
[Round "1.2"]
[White "Santos Latasa, Jaime"]
[Black "Narciso Dublan, Marc"]
[Result "1/2-1/2"]
[WhiteElo "2600"]
[BlackElo "2492"]
[Annotator "TA"]
[PlyCount "130"]
[EventDate "2020.11.20"]
[EventType "tourn"]
[EventCountry "ESP"]
[SourceTitle "playchess.com"]
[Source "ChessBase"]
[SourceQuality "1"]

{[%evp 17,130,40,47,35,37,28,23,30,35,14,25,43,25,19,28,20,12,29,75,68,109,66,69,70,76,33,32,17,17,0,0,-21,17,15,20,12,37,8,22,20,25,19,29,16,17,15,14,12,17,24,37,25,29,7,71,31,33,34,38,33,83,79,85,86,118,110,109,127,112,98,97,101,264,38,34,51,41,8,18,0,12,8,8,8,12,11,91,33,34,24,45,13,14,8,24,24,24,0,0,0,0,-8,0,0,0,0,0,0,0,0,0,0,0,0,0]} 1. e4 d6 2. d4 Nf6 3. Nc3 e5 4. Nf3 Nbd7 5. Bc4 Be7 6. O-O O-O 7. a4 c6 8. h3 h6 9. Re1 Re8 10. Ba2 {C41: Philidor Defence.} exd4 $1 {[%mdl 4] is more profitable than 10...Qc7 at the moment.} 11. Nxd4 Bf8 12. f4 {[#] White has an edge.} Nc5 $146 {[%cal Rf6e4]} ({Predecessor:} 12... Qc7 13. Kh1 Nc5 14. Qf3 Ne6 15. Be3 a5 16. Nf5 Nc5 17. Bd4 Bxf5 18. exf5 Ncd7 {1-0 (29) Rodriguez,S (1801)-Brunet Gil,P (2035) Barcelona 2019}) 13. e5 dxe5 14. fxe5 Nh7 15. Rf1 Be6 16. Nxe6 Qxd1 17. Rxd1 {[#] Threatens to win with Nc7.} fxe6 18. a5 Ng5 19. Be3 Nf7 20. Ne2 Nxe5 21. Nd4 Kh8 22. Re1 {[%mdl 1024] White has compensation.} Ned7 23. b4 e5 24. Nf3 Na6 (24... Ne4 $5 {[%cal Rf8b4]} 25. Bf7 Red8 $11) 25. c3 Nf6 26. Bf7 Re7 {Hoping for ...e4.} 27. Bg6 e4 28. Nh4 Kg8 29. Bd4 Nc7 30. Bxf6 (30. Bf5 {is interesting.} Ree8 31. Bxf6 gxf6 32. Bxe4 Bd6 33. Nf5) 30... gxf6 31. Rxe4 Rxe4 32. Bxe4 Rd8 33. Rf1 Kf7 34. Bg6+ Kg7 35. Bh5 Ne6 (35... Rd3 $11 {remains equal.}) 36. Re1 Nf4 37. Nf5+ Kg8 38. Bd1 a6 39. Bb3+ Kh7 40. Re4 Ng6 41. Re6 Rd3 42. Rxf6 Rxc3 43. Rf7+ Kh8 44. Be6 Bxb4 $2 {[#]} (44... Rc1+ $16 {keeps fighting.} 45. Kh2 Re1) 45. Rxb7 $2 ({White has to play} 45. Rf6 $1 $18 {[%cal Rf6g6]} Nf8 46. Rxh6+ Nh7 47. Rg6) 45... Bc5+ $14 46. Kh2 Nf4 47. Bd7 Nd5 48. Be6 Ne3 49. g4 Nxf5 50. gxf5 $11 {[%mdl 4096] Endgame KRB-KRB} Bd6+ 51. Kg2 Be5 (51... Rg3+ $11 52. Kf2 Rxh3) 52. Ra7 (52. Rf7 $16) 52... Rg3+ $14 53. Kf1 Rxh3 54. Rxa6 {And now Ra8+ would win.} Ra3 55. Ra7 h5 56. a6 h4 57. Bd7 c5 {The position is equal.} 58. Bc6 c4 59. Be4 h3 60. Ra8+ Kg7 61. a7 h2 62. Re8 Rxa7 63. Rxe5 Ra1+ 64. Kf2 h1=Q 65. Bxh1 Rxh1 {Weighted Error Value: White=0.16/Black=0.14} 1/2-1/2

[Event "1st Magistral Barbera del Valles 2020"]
[Site "Barbera del Valles"]
[Date "2020.11.20"]
[Round "1.3"]
[White "Alsina Leal, Daniel"]
[Black "Oratovsky, Michael"]
[Result "1/2-1/2"]
[WhiteElo "2498"]
[BlackElo "2414"]
[Annotator "TA"]
[PlyCount "139"]
[EventDate "2020.11.20"]
[EventType "tourn"]
[EventCountry "ESP"]
[SourceTitle "playchess.com"]
[Source "ChessBase"]
[SourceQuality "1"]

{[%evp 11,139,21,25,19,42,43,37,35,40,35,38,37,31,29,23,29,33,47,30,37,37,42,51,52,50,50,45,45,59,45,85,75,120,88,146,147,169,141,164,152,162,152,132,107,137,126,126,126,118,117,119,72,94,82,119,116,229,216,227,216,210,208,223,220,196,151,157,133,219,203,250,191,191,191,200,185,187,191,189,189,193,189,197,194,192,191,196,196,231,231,231,224,218,220,237,175,175,175,175,175,175,175,175,175,175,175,175,175,175,175,175,175,175,118,175,141,141,141,141,148,148,130,130,130,130,130,130,0,130,0]} 1. e4 c5 2. Nf3 e6 3. d4 cxd4 4. Nxd4 a6 5. c4 Nf6 6. Nc3 Bb4 7. Qd3 {B41: Sicilian: Kan Variation: 5 c4.} O-O $1 {[%mdl 4] is more profitable than 7...Qc7 at the moment.} 8. e5 Ne8 $1 9. Bf4 {White is slightly better.} d6 10. exd6 Bxd6 11. Bxd6 Qxd6 12. O-O-O Nd7 {[#]} 13. Qg3 $146 ({Predecessor:} 13. Nc2 Qxd3 14. Bxd3 Nc5 15. Be2 a5 16. f4 Bd7 17. Ne4 Nxe4 18. Rxd7 Nc5 19. Rd4 {½-½ (54) Oleksienko,M (2595)-Miezis,N (2456) Brest 2019}) 13... Qc5 14. Be2 Ndf6 15. Nb3 Qe7 16. Qe3 b5 17. Qc5 $1 {[%cal Rc5e7]} Qxc5 18. Nxc5 bxc4 19. Bxc4 Nc7 20. Rd6 Ng4 21. Be2 Ne5 22. b3 f6 ({Better is} 22... Ra7) 23. Kb2 $16 Nf7 24. Rc6 Ra7 25. Rd1 Re8 26. f4 Kf8 27. Bc4 Ke7 28. Rd2 $36 {[%mdl 2048] White is in control.} Rd8 29. Re2 Rd6 30. Rxd6 Nxd6 31. Bd3 Kf7 32. Rd2 (32. Bxh7 $6 g6 $11) 32... Nb7 33. N5a4 Nd5 (33... Nd6 $16) 34. Nxd5 $1 $18 (34. Bxh7 $6 Nxc3 35. Kxc3 (35. Nxc3 Ke7 $16) 35... Ke7 $16) 34... exd5 35. Nb6 Nd6 36. Nxd5 (36. Bxh7 $6 Be6 $16) 36... Be6 37. Nb4 ({Don't play} 37. Bxh7 $6 g6 $16) 37... Rd7 38. Rc2 a5 39. Na6 Nb7 (39... Bf5 $16) 40. Rc7 ({Less strong is} 40. Bxh7 g6 $14) 40... Ke7 41. Rxd7+ Bxd7 42. Bxh7 {[%mdl 4096] Endgame KBN-KBN} Bb5 43. Nc7 Bc6 44. g3 Kd6 45. Na8 $1 Kc5 {Black wants to play ...Nd8.} 46. Bg6 Nd6 47. Nc7 {Strongly threatening Ne6+.} Bd7 48. Bd3 Kc6 49. Na6 Bc8 {[#] intending ...Kb6.} 50. b4 $1 Bxa6 51. Bxa6 axb4 {[#] KB-KN} 52. Kc2 $1 Ne4 53. Bc8 Nc5 54. Kd2 Kd5 55. Ke3 b3 56. axb3 Nxb3 57. h4 Nc5 58. g4 Na4 59. Bf5 Nb6 60. Be4+ Kd6 61. Kd4 {Cut Off at move 61} Nc8 62. g5 (62. Bb7 $18 Ne7 63. h5) 62... Ke7 (62... fxg5 $16 {keeps fighting.} 63. hxg5 (63. fxg5 Ne7 $18) 63... Nb6) 63. g6 Ke6 64. f5+ Kd6 65. h5 {Hoping for h6!} Ne7 66. Bc2 {Black must now prevent h6!} Ng8 67. Bb3 Nh6 68. Be6 Ng4 69. Bb3 Nh6 $1 70. Be6 {Weighted Error Value: White=0.07/Black=0.12} (70. Ke4 $16) 1/2-1/2

[Event "1st Magistral Barbera del Valles 2020"]
[Site "Barbera del Valles"]
[Date "2020.11.20"]
[Round "1.4"]
[White "Munoz, Miguel"]
[Black "Krysa, Leandro"]
[Result "1/2-1/2"]
[WhiteElo "2442"]
[BlackElo "2531"]
[Annotator "TA"]
[PlyCount "38"]
[EventDate "2020.11.20"]
[EventType "tourn"]
[EventCountry "ESP"]
[SourceTitle "playchess.com"]
[Source "ChessBase"]
[SourceQuality "1"]

{[%evp 13,38,0,0,0,0,-15,-14,-10,-12,-12,-8,-20,0,0,-6,0,0,0,0,-21,-14,-14,-14,-7,-7,-14,0]} 1. e4 e5 2. Nf3 Nc6 3. Bb5 a6 4. Ba4 Nf6 5. Bxc6 dxc6 6. d3 Bd6 7. Nbd2 Be6 {The position is equal.} 8. Qe2 {C77: Ruy Lopez: 3...a6 4 Ba4 Nf6, unusual lines.} (8. b3 {seems wilder.} Qe7 9. O-O Nd7 10. Qe2 f6 11. Nc4) 8... Qe7 9. Nc4 Bxc4 10. dxc4 Nd7 11. O-O O-O {[#]} 12. Be3 $146 ({Predecessor:} 12. Bg5 Qe6 13. Nh4 g6 14. b3 f6 15. Bd2 a5 16. a4 b6 17. Rae1 Rae8 18. g3 {½-½ (26) Molina,R (2423)-Mekhitarian,K (2544) Albena 2013}) 12... f5 13. Rad1 f4 14. Bd2 a5 15. Bc3 b6 16. b3 Rf7 17. Kh1 $1 Raf8 18. g4 g5 19. Rg1 h6 {An uneventful encounter.  Weighted Error Value: White=0.04/Black=0.02} 1/2-1/2

[Event "1st Magistral Barbera del Valles 2020"]
[Site "Barbera del Valles"]
[Date "2020.11.20"]
[Round "1.5"]
[White "Grigoryan, Karen H."]
[Black "Peralta, Fernando"]
[Result "*"]
[WhiteElo "2659"]
[BlackElo "2586"]
[Annotator "TA"]
[PlyCount "30"]
[EventDate "2020.11.20"]
[EventType "tourn"]
[EventCountry "ESP"]
[SourceTitle "playchess.com"]
[Source "ChessBase"]
[SourceQuality "1"]

{[%evp 12,30,41,29,53,41,53,68,63,52,60,35,48,31,56,36,24,34,67,34,41]} 1. d4 d6 2. Nf3 g6 3. c4 Bg7 4. Nc3 Nc6 5. d5 Ne5 6. Nxe5 Bxe5 7. e4 c6 {A41: 1 d4 d6: Tartakower System and Modern Defence.} 8. Bd3 Bg7 9. O-O Nf6 10. Bg5 h6 {[#]} 11. Bd2 $146 ({Predecessor:} 11. Bf4 g5 12. Bg3 Ng4 13. h3 Ne5 {½-½ (13) Skytte,R (2385)-Fries Nielsen,J (2370) Odense 2018}) 11... O-O 12. Rc1 a6 13. h3 cxd5 14. exd5 e5 15. dxe6 Bxe6 {Weighted Error Value: White=0.11/Black=0.12} *

[Event "1st Magistral Barbera del Valles 2020"]
[Site "Barbera del Valles"]
[Date "2020.11.20"]
[Round "1.5"]
[White "Peralta, Fernando"]
[Black "Grigoryan, Karen H."]
[Result "1-0"]
[WhiteElo "2586"]
[BlackElo "2659"]
[Annotator "TA"]
[PlyCount "123"]
[EventDate "2020.11.20"]
[EventType "tourn"]
[EventCountry "ESP"]
[SourceTitle "playchess.com"]
[Source "ChessBase"]
[SourceQuality "1"]

{[%evp 12,123,39,34,36,51,63,52,66,61,63,40,42,38,57,48,40,50,72,52,46,52,50,48,44,46,63,52,91,100,109,95,91,80,82,94,161,159,153,159,236,118,176,175,177,155,162,168,164,142,143,131,147,139,145,139,133,140,239,225,283,297,294,290,287,212,234,234,208,188,201,102,305,292,348,361,346,330,310,222,335,330,380,365,326,336,485,379,655,654,560,414,1626,1626,1399,937,12819,6398,29981,29982,29982,29983,29983,29981,29984,29985,29985,29986,29986,29987,29987,29988,29988,29989]} 1. d4 d6 2. Nf3 g6 3. c4 Bg7 4. Nc3 Nc6 5. d5 Ne5 6. Nxe5 Bxe5 7. e4 c6 {A41: 1 d4 d6: Tartakower System and Modern Defence.} 8. Bd3 Bg7 9. O-O Nf6 {White is slightly better.} 10. Bg5 h6 {[#]} 11. Bd2 $146 ({Predecessor:} 11. Bf4 g5 12. Bg3 Ng4 13. h3 Ne5 {½-½ (13) Skytte,R (2385)-Fries Nielsen,J (2370) Odense 2018}) 11... O-O 12. Rc1 a6 13. h3 cxd5 14. exd5 e5 15. dxe6 Bxe6 16. Re1 Re8 17. Qf3 Nd7 18. b3 (18. Qxb7 Rb8 $15) 18... Ne5 19. Qg3 Rc8 20. Be4 Nc6 21. Bd5 Bf5 22. Rxe8+ Qxe8 23. Qxd6 Be5 (23... Rd8 $16 {was called for.} 24. Qf4 Nb4) 24. Qa3 $18 Qd7 25. Re1 Re8 (25... Bg7 $16 26. Ne4 Re8) 26. Qc5 (26. g4 $18) 26... Bg7 (26... Kh7 $16 {might work better.}) 27. Rxe8+ Qxe8 28. Qe3 Qxe3 29. fxe3 Bc2 30. Ne4 Bf8 31. Nf6+ Kg7 32. Bc3 Bb4 33. Ne4+ Bxc3 34. Nxc3 $16 {[%mdl 4096] Endgame KBN-KBN} Kf8 (34... Kf6 $16 35. Kf2 Nd8) 35. Kf2 $18 Ke7 36. e4 f5 37. Ke3 fxe4 38. Nxe4 (38. Bxe4 Bxe4 39. Nxe4 (39. Kxe4 Kd6 $16) 39... b6 $16) 38... Nb4 39. Bxb7 {[#] Threatens to win with a3.} Nxa2 40. Nd2 Nc1 41. Be4 ({White should try} 41. b4 $18) 41... Bd1 $2 {Loses the game.} (41... Bxb3 $16 42. Kd4 (42. Bxg6 Kd6 $16) 42... g5) 42. b4 ({Weaker is} 42. Bxg6 Bxb3 43. Kd4 Bd1 $16) 42... g5 43. Kd4 Kd6 44. c5+ Kc7 45. Bd5 Ne2+ (45... Ba4 $142 46. Bc4 Bb5) 46. Ke5 Nf4 47. Be4 Ba4 48. h4 Bc6 (48... Ne2 {was necessary.} 49. hxg5 hxg5) 49. g3 Ne2 $2 (49... Nh3 50. Bxc6 Kxc6) 50. hxg5 hxg5 51. g4 Nc3 {[#]} (51... Nc1 $142 52. Bxc6 Kxc6) 52. Bxc6 $1 Kxc6 {KN-KN} 53. Nf3 Kb5 54. Nxg5 Kxb4 55. c6 {White mates.} Nb5 56. Ne6 a5 57. c7 Na7 58. Nd4 a4 59. g5 a3 60. Nc2+ Kc5 61. g6 a2 62. g7 {Weighted Error Value: White=0.12/Black=0.40} 1-0

[Event "1st Magistral Barbera del Valles 2020"]
[Site "Barbera del Valles"]
[Date "2020.11.21"]
[Round "2.1"]
[White "Oratovsky, Michael"]
[Black "Studer, Noel"]
[Result "0-1"]
[WhiteElo "2414"]
[BlackElo "2582"]
[Annotator "TA"]
[PlyCount "62"]
[EventDate "2020.11.20"]
[EventType "tourn"]
[EventCountry "ESP"]
[SourceTitle "playchess.com"]
[Source "ChessBase"]
[SourceQuality "1"]

{[%evp 9,62,1,9,10,16,16,8,14,25,10,14,16,30,31,35,0,0,0,22,0,25,-2,17,-8,95,83,81,81,102,79,100,97,118,115,107,104,112,106,120,115,110,-20,-22,-16,-15,-45,0,-151,-141,-306,-318,-299,-312,-615,-606]} 1. e4 e5 2. Bc4 Nf6 3. d3 c6 4. Nf3 d5 5. Bb3 a5 {And now ...a4 would win.} 6. a4 {C24: Bishop's Opening: 2...Nf6.} (6. Nxe5 $2 a4 $19) 6... Bb4+ 7. c3 Bd6 8. exd5 {The position is equal.} cxd5 9. Bg5 Be6 10. Na3 Nc6 $5 {[%mdl 4] An interesting side line.} 11. Nb5 Bb8 {[#]} 12. d4 $146 ({Predecessor:} 12. O-O h6 13. Bh4 O-O 14. Re1 g5 15. Bg3 Bg4 16. Qd2 Bxf3 17. gxf3 Qd7 18. Kg2 {0-1 (61) Onischuk,V (2608)-Motylev,A (2665) Minsk 2017}) 12... e4 13. Nd2 h6 14. Bh4 g5 15. Bg3 Bf4 16. Nf1 Qe7 (16... Bg4 $11 17. Qb1 O-O) 17. Bxf4 $1 $16 gxf4 18. Qd2 e3 19. fxe3 Ne4 20. Qe2 $1 Rg8 {aiming for ...Qh4+.} 21. exf4 O-O-O 22. Ne3 Qh4+ 23. g3 {[%mdl 64] Overworked Piece} Nxg3 24. Qf2 {[%mdl 64] Hoping for Rg1. Pin} Qh3 25. O-O-O ({Avoid the trap} 25. Rg1 $2 Ne4 $19) (25. Nd6+ $1 $16 Rxd6 26. Rg1 {[%mdl 64] Pin}) 25... Nxh1 $11 26. Rxh1 {f5 is the strong threat.} Ne7 {[%cal Bc6e7,Be7f5,Bf5e3][%mdl 32] White should prevent ...Nf5.} 27. Bc2 Nf5 (27... Bf5 $5) 28. Re1 $2 {[#]} (28. Nxf5 $11 Bxf5 29. Qe2) 28... Nxe3 $1 $17 29. Rxe3 $2 (29. f5 $17 Nxc2 {[#]} 30. Qf4 $1 {[%mdl 512]}) 29... Rg2 $19 30. Rxh3 Rxf2 31. f5 $2 {[#]} (31. Rg3) 31... Rxc2+ $1 {[%mdl 576] Remove Defender.  Weighted Error Value: White=0.40/Black=0.11} 0-1

[Event "1st Magistral Barbera del Valles 2020"]
[Site "Barbera del Valles"]
[Date "2020.11.21"]
[Round "2.2"]
[White "Munoz, Miguel"]
[Black "Peralta, Fernando"]
[Result "1/2-1/2"]
[WhiteElo "2442"]
[BlackElo "2586"]
[Annotator "RC"]
[PlyCount "53"]
[EventDate "2020.11.20"]
[EventType "tourn"]
[EventCountry "ESP"]
[SourceTitle "playchess.com"]
[Source "ChessBase"]
[SourceQuality "1"]
[TimeControl "5400+30"]

1. e4 {[%emt 0:07:43]} e6 {[%emt 0:00:00]} 2. d4 {[%emt 0:00:12]} d5 {[%emt 0:00:00]} 3. Nd2 {[%emt 0:00:08]} c5 {[%emt 0:00:00]} 4. Ngf3 {[%emt 0:00:07]} cxd4 {[%emt 0:00:10]} 5. Nxd4 {[%emt 0:00:08]} Nc6 {[%emt 0:00:23]} 6. Nxc6 {[%emt 0:00:09]} bxc6 {[%emt 0:00:04]} 7. Bd3 {[%emt 0:00:07]} Nf6 {[%emt 0:02:25]} 8. Qe2 {[%emt 0:00:09]} Be7 {[%emt 0:01:09]} 9. O-O {[%emt 0:00:22]} O-O {[%emt 0:01:09]} 10. c4 {[%emt 0:00:09]} a5 {[%emt 0:04:10]} 11. b3 {[%emt 0:02:29]} a4 {[%emt 0:01:00]} 12. Rb1 {[%emt 0:00:13]} axb3 {[%emt 0:05:22]} 13. axb3 {[%emt 0:01:46]} Bb7 {[%emt 0:02:06]} 14. e5 {[%emt 0:01:16]} Nd7 {[%emt 0:00:49]} 15. Nf3 {[%emt 0:00:09]} c5 {[%emt 0:05:22]} 16. Re1 {[%emt 0:00:33]} d4 {[%emt 0:09:39]} 17. Be4 {[%emt 0:01:54]} Rb8 {[%emt 0:05:36]} 18. Qd3 {[%emt 0:02:45]} Bxe4 {[%emt 0:02:31]} 19. Rxe4 {[%emt 0:00:10]} Qc7 {[%emt 0:03:28]} 20. Bg5 {[%emt 0:03:45]} Rfe8 {[%emt 0:05:19]} 21. Re2 {[%emt 0:22:31]} Nf8 {[%emt 0:08:57]} 22. Qe4 {[%emt 0:09:53]} Bxg5 {[%emt 0:01:59]} 23. Nxg5 {[%emt 0:00:08]} h6 {[%emt 0:00:05]} 24. Nf3 {[%emt 0:00:08]} Rb6 {[%emt 0:02:44]} 25. Ne1 {[%emt 0:02:06]} Reb8 {[%emt 0:03:28]} 26. Reb2 {[%emt 0:00:36]} Nd7 {[%emt 0:08:22]} 27. Nd3 {[%emt 0:01:39]} 1/2-1/2

[Event "1st Magistral Barbera del Valles 2020"]
[Site "Barbera del Valles"]
[Date "2020.11.21"]
[Round "2.3"]
[White "Krysa, Leandro"]
[Black "Narciso Dublan, Marc"]
[Result "1/2-1/2"]
[WhiteElo "2531"]
[BlackElo "2492"]
[Annotator "TA"]
[PlyCount "53"]
[EventDate "2020.11.20"]
[EventType "tourn"]
[EventCountry "ESP"]
[SourceTitle "playchess.com"]
[Source "ChessBase"]
[SourceQuality "1"]

{[%evp 14,53,54,48,40,30,45,18,28,37,19,12,14,22,25,5,13,0,0,6,13,12,12,11,24,10,17,0,20,0,0,0,0,0,0,0,0,0,0,0,0,0]} 1. d4 d5 2. c4 c6 3. Nf3 dxc4 4. e3 b5 5. a4 e6 6. b3 Bb4+ 7. Bd2 Bxd2+ 8. Nfxd2 cxb3 {D11: Slav Defence: 3 Nf3 sidelines and 3...Nf6 4 e3 Bg4.} 9. Qxb3 {[#]} bxa4 $146 ({Predecessor:} 9... Nf6 10. axb5 Bb7 11. Bc4 cxb5 12. Bxb5+ Nbd7 13. Nc3 a6 14. Be2 Qc7 15. O-O O-O 16. Rfc1 {1-0 (58) Reyes,A-Monfort,F UECC Email 1999}) 10. Qxa4 Ne7 11. Be2 O-O 12. O-O Nd7 13. Bf3 a5 14. Nc4 Ba6 15. Rc1 Bb5 16. Qd1 Ra6 17. Nba3 Bxc4 18. Nxc4 Qc7 19. Ra4 Nd5 {The position is equal.} 20. Qd2 {[%cal Ra4a5]} Rfa8 21. Rca1 (21. Qa2 {is interesting.} Qb8 22. Nd2 Qc7 23. Nb3 N7b6 24. Ra3) 21... c5 22. Rxa5 Rxa5 23. Rxa5 Rxa5 24. Qxa5 Qxa5 25. Nxa5 cxd4 26. Bxd5 exd5 27. exd4 {Weighted Error Value: White=0.06/Black=0.01} 1/2-1/2

[Event "1st Magistral Barbera del Valles 2020"]
[Site "Barbera del Valles"]
[Date "2020.11.21"]
[Round "2.4"]
[White "Grigoryan, Karen H."]
[Black "Alsina Leal, Daniel"]
[Result "1/2-1/2"]
[WhiteElo "2659"]
[BlackElo "2498"]
[Annotator "TA"]
[PlyCount "109"]
[EventDate "2020.11.20"]
[EventType "tourn"]
[EventCountry "ESP"]
[SourceTitle "playchess.com"]
[Source "ChessBase"]
[SourceQuality "1"]

{[%evp 25,109,-20,-17,-16,-17,-20,-16,-27,-18,-43,-27,-39,-9,-1,-8,-25,-18,-14,-14,-70,-73,-134,-133,-126,-121,-125,-56,-63,-68,-58,-62,-68,-51,-63,-66,-66,-63,-64,-14,-45,8,0,0,0,3,4,28,29,45,39,89,89,145,145,145,145,145,109,109,74,165,74,360,360,335,0,0,0,0,0,0,0,0,0,0,0,0,0,0,0,0,0,0,0,0,0]} 1. e4 c5 2. Nf3 Nc6 3. Nc3 Nf6 4. d4 cxd4 5. Nxd4 e5 6. Ndb5 d6 7. Nd5 Nxd5 8. exd5 Nb8 9. c4 Be7 10. Be2 O-O 11. O-O a6 12. Nc3 f5 13. f4 Bf6 14. Qc2 {B33: Sicilian: Pelikan and Sveshnikov Variations.} g6 15. Be3 Nd7 16. Qd2 Re8 {[#]} 17. Rfe1 $146 ({Predecessor:} 17. fxe5 Bxe5 18. Rac1 Nf6 19. Bd4 Bd7 20. b4 a5 21. a3 axb4 22. axb4 Ne4 23. Nxe4 Bxd4+ 24. Qxd4 Rxe4 {½-½ (38) Sukhorukov,A (2246)-Traut,G (2096) ICCF email 2007}) 17... exf4 18. Bxf4 Qb6+ 19. Kh1 Nc5 20. Bf3 Bd7 21. b3 a5 {[%cal Ba6a5,Ba5a4][%mdl 32]} 22. Be3 (22. Rac1 $11) 22... a4 23. b4 {[#]} (23. bxa4 $142 Qa5 24. Bd4 Rxe1+ 25. Rxe1 Bxd4 26. Qxd4 Nxa4 27. Re7 Qxc3 28. Rg7+ Kh8 29. Qxc3 Nxc3 30. Rxd7 {[%mdl 64] Double Attack}) 23... Rxe3 $1 $17 {[%mdl 512]} 24. Rxe3 (24. Qxe3 Qxb4) 24... Qxb4 {Threatens to win with ...f4.} 25. Rb1 Qxc4 (25... Bxc3 $6 26. Qc2 $11) ({Black should play} 25... Qa5 $1 $17 {Strongly threatening ...f4.} 26. g3 Bg5) 26. Be2 $15 Qd4 27. Qxd4 $1 Bxd4 28. Rf3 {[#]} f4 $1 {[%mdl 512]} 29. Bb5 {White wants to play Bxd7.} (29. Rxf4 Bxc3) 29... Bf5 {...Bxc3 is the strong threat.} 30. Rb4 Be5 31. Nxa4 Be4 32. Rf1 {aiming for Nxc5.} Nxa4 (32... Bxd5 $2 33. Nb6 $18) (32... Bc2 $15 33. Nxc5 dxc5) 33. Rxa4 Rxa4 34. Bxa4 {[%mdl 4096] Endgame KRB-KB} Kg7 35. Bb3 b6 36. Re1 Bf5 37. Rc1 Bd4 38. Rc7+ Kh6 (38... Kf6 $142) 39. Bc2 $16 Bxc2 40. Rxc2 {KR-KB} Kg5 41. Rc7 h5 42. Rf7 Kg4 (42... h4 $16) 43. a4 (43. h3+ $18 {and White stays clearly on top.} Kg5 44. h4+ $1 {[%mdl 512]} Kg4 45. Re7) 43... g5 $2 {[%mdl 8192]} (43... h4 $16 {is a better defense.}) 44. h3+ $18 Kg3 {intending ...g4.} 45. Rh7 $2 (45. Rd7 $1 $18 {[%cal Rd7d6]} Be5 46. Rh7) 45... g4 $1 $11 {[%cal Rg4h3] The position is equal.} 46. Rxh5 {Hoping for Rg5.} f3 47. gxf3 gxf3 48. Rf5 f2 49. h4 Be3 50. h5 Bd2 ({Avoid the trap} 50... Bf4 $2 51. Rxf4 $1 {[%mdl 512]} Kxf4 52. Kg2 $18) 51. Rf8 Be3 (51... Bf4 52. Rxf4 $1 {[%mdl 512]} Kxf4 53. Kg2 $18) 52. Rg8+ Kh3 (52... Kf3 $5 53. Rf8+ $8 Kg3 $11) 53. Rf8 {Black must now prevent Rf3+.} Kg3 54. Rf6 Bg5 ({Don't go for} 54... Bf4 $2 {[#]} 55. Rxf4 $1 {[%mdl 512]} Kxf4 56. Kg2 $18) 55. Rf8 {Black defended with fortune.  Weighted Error Value: White=0.21/Black=0.25} 1/2-1/2